guess the billie eilish lyrics! (1) - Statistics

General Stats
  • This quiz has been taken 81 times
  • The average score is 110 of 156
Answer Stats
Answer % Correct
i
100%
I
100%
you,
98%
you.
98%
you
98%
a
95%
love
91%
love,
91%
be
89%
to
89%
(to
89%
do,
88%
do.
88%
do?
88%
do?)
88%
dont
85%
want
85%
and
83%
it,
82%
it
82%
me
80%
my
80%
what
80%
you're
75%
like
74%
for
72%
have
72%
but
71%
i'm
71%
in
71%
is
71%
with
71%
are
68%
could
68%
AM
66%
am
66%
was
66%
been
65%
fall
63%
all
62%
than
62%
dreams
60%
this
60%
feel
58%
seem
58%
at
57%
better
57%
ever
57%
more
57%
break
55%
comet
55%
halley's
55%
havent
55%
midnight
55%
nights
55%
or
55%
(or
55%
silly
55%
sleepless
55%
three
55%
you've
55%
admit
54%
alone.
54%
around
54%
comes
54%
few.
54%
must
54%
now
54%
promise,
54%
quite
54%
since
54%
sunday,
54%
takes
54%
think
54%
honest
52%
i've
52%
made
52%
slept
52%
drag
51%
week
51%
brothers
49%
fallen
49%
feeling
49%
might
49%
room,
49%
two.
49%
two.)
49%
nothing
48%
good
46%
loved
46%
moment,
46%
right
46%
sitting
46%
before
45%
helpless,
8%
No matching quizzes found
Score Distribution
Percent of People with Each Score
Percentile by Number Answered
Your Score History
You have not taken this quiz